A Contribution for production vulcanizates free of N-Nitrosamines (Record no. 53319)

MARC details
000 -LEADER
fixed length control field 00339nam a2200121Ia 4500
100 ## - MAIN ENTRY--AUTHOR NAME
Personal name Hofmann W
245 #2 - TITLE STATEMENT
Title A Contribution for production vulcanizates free of N-Nitrosamines
260 ## - PUBLICATION, DISTRIBUTION, ETC. (IMPRINT)
Name of publisher Kautschuk Gummi Kunststoffe
Year of publication 1992
300 ## - PHYSICAL DESCRIPTION
Number of Pages 642-643
650 ## - SUBJECT ADDED ENTRY--TOPICAL TERM
Topical Term N-nitrosamine
942 ## - ADDED ENTRY ELEMENTS (KOHA)
Koha item type Journals
Holdings
Withdrawn status Lost status Damaged status Not for loan Home library Current library Date acquired Serial Enumeration / chronology Koha item type
      Journals RRII Library RRII Library 17/12/2021 Volume 45, Issue 8 Journals